Professional social worker: Meeting the challenge (Record no. 31830)

MARC details
000 -LEADER
fixed length control field 00505nam a2200181Ia 4500
008 - FIXED-LENGTH DATA ELEMENTS--GENERAL INFORMATION
fixed length control field 230917s9999||||xx |||||||||||||| ||und||
020 ## - ISBN
Price EUR35.99
040 ## - CATALOGING SOURCE
-- 256515
Original cataloging agency VIVEKANANDA LIBRARY
041 ## - Language
-- English
082 ## - DDC NUMBER
Classification number 361.32 T375P(2)
100 ## - MAIN ENTRY--PERSONAL NAME
Personal name Thompson, Neil
245 #0 - TITLE STATEMENT
Title Professional social worker: Meeting the challenge
250 ## - EDITION STATEMENT
Edition statement 2nd ed.
260 ## - PUBLICATION, DISTRIBUTION, ETC. (IMPRINT)
Place of publication, distribution, etc London
Name of publisher, distributor, etc Macmillan Publishers
Date of publication, distribution, etc 2016
300 ## - PHYSICAL DESCRIPTION
Pages xxii, 273 p.
500 ## - GENERAL NOTE
General note 3521 19/07/2019 RBP19/76173 26/07/2019 Main Budget
942 ## - ADDED ENTRY ELEMENTS (KOHA)
Koha item type Books
Holdings
Withdrawn status Lost status Damaged status Not for loan Location (home branch) Sublocation or collection (holding branch) Date acquired Koha issues (times borrowed) Koha full call number Accession No. Koha date last seen Koha item type
        VIVEKANANDA LIBRARY VIVEKANANDA LIBRARY 10/10/2019   361.32 T375P(2) 388997 17/09/2023 Books
© Designed and Maintained by Vivekananda Library, MDU Rohtak